Catalog

Record Details

Catalog Search



Der ungehörte Zeuge : Kurt Gerstein, Christ, SS-Offizier, Spion im Lager der Mörder  Cover Image Book Book

Der ungehörte Zeuge : Kurt Gerstein, Christ, SS-Offizier, Spion im Lager der Mörder / Dieter Gräbner; Stefan Weszkalnys

Gräbner, Dieter (Author). Weszkalnys, Stefan (Author).

Record details

  • ISBN: 978-3-936950-45-8
  • Physical Description: 171 S. : Ill., Kt ; 23 cm
  • Publisher: Saarbrücken : Conte-Verl., 2006

Content descriptions

General Note:
Literaturverzeichnis S. 163 - 166

Available copies

  • 1 of 1 copy available at Common Catalog SPOK.

Holds

  • 0 current holds with 1 total copy.
Show Only Available Copies
Location Call Number / Copy Notes Barcode Shelving Location Status Due Date
Terezin Initiative Institute 5571 4594305571 Knihovna ITI Available -

Electronic resources


LDR 03283nam a2200745 4500
00150523
003CZ-PrJAB
00520221116130203.0
008060927s2006 gw 000 0 ger d
020 . ‡a978-3-936950-45-8
035 . ‡a(DE-601)518111091
035 . ‡a(OCoLC)723694198
035 . ‡a(DE-101)981279619
035 . ‡a(DE-604)BV021754897
035 . ‡a(DE-599)DNB981279619
040 . ‡bger ‡cGBVCP
0410 . ‡ager
1001 . ‡aGräbner, Dieter ‡4aut
24514. ‡aDer ungehörte Zeuge : ‡bKurt Gerstein, Christ, SS-Offizier, Spion im Lager der Mörder / ‡cDieter Gräbner; Stefan Weszkalnys
260 . ‡aSaarbrücken : ‡bConte-Verl., ‡c2006
300 . ‡a171 S. : ‡bIll., Kt ; ‡c23 cm
4900 . ‡aLibri vitae ; ‡vBd. 11
500 . ‡aLiteraturverzeichnis S. 163 - 166
7001 . ‡aWeszkalnys, Stefan ‡4aut
85642. ‡uhttp://external.dandelon.com/download/attachments/dandelon/ids/DE0224AEA2F9F69B39F93C1257B6B00343FD5.pdf ‡mV:DE-601;B:AGI ‡qpdf/application ‡3Inhaltsverzeichnis
85642. ‡uhttps://external.dandelon.com/download/attachments/dandelon/ids/DE0224AEA2F9F69B39F93C1257B6B00343FD5.pdf ‡mV:DE-601;B:AGI ‡qpdf/application ‡3Inhaltsverzeichnis
910 . ‡aABE340 ‡b5571
995 . ‡aska
901 . ‡a50523 ‡bAUTOGEN ‡c50523 ‡tbiblio

Additional Resources